00365nam a2200145Ia 4500008004100000082001700041100001800058245004300076250000800119260002500127300001300152500002400165650001500189700001500204230524s9999 xx 000 0 und d a241.644bJAN aB.Janakiraman 0aTotal Quality Management: Text & Cases a3RD aNEW DELHIbPHIc2008 aVIII;249 aQuantity Number: 2 aManagement a R.K.Gopal